Detalles MARC
| 000 -LEADER |
| fixed length control field |
01896cam a2200493 a 4500 |
| 005 - FECHA ULTIMA MODIFICACION |
| control field |
20240610090258.0 |
| 008 - CAMPO DE CONTROL (LIBRO) |
| fixed length control field |
100809s2001||||sp a f |||| 001 0 spa d |
| 020 ## - INTERNATIONAL STANDARD BOOK NUMBER |
| ISBN |
8448603222 |
| 041 ## - CODIGO DE IDIOMA |
| Código de idioma del texto/pista de sonido o título separado |
spa |
| 092 ## - SIGNATURA TOPOGRAFICA DEWEY LOCAL |
| número de clasificación |
612 |
| libristica |
31 |
| sección |
GUY |
| 100 1# - ENTRADA PRINCIPAL--NOMBRE PERSONAL |
| Nombre personal |
Guyton, Arthur C. |
| 9 (RLIN) |
892 |
| 245 ## - TITULO PROPIAMENTE DICHO |
| Título |
Tratado de Fisiología Médica / |
| Mención de responsabilidad y remanente de la transcripción de la portada |
Arthur C. Guyton. |
| 250 ## - MENCION DE EDICION |
| Mención de edición |
10a ed. versión en español de la 10a ed. de la obra en inglés |
| Mención de responsabilidad relacionada con la ed. |
Traducción José Luis Agud Aparicio; Isabel Alvarez Baleriola; Consuelo de Dios Perrino; Luis González Trigueros; Santiago Madero García; Ignacio Navasgues Benlloch; Elena de Terán Bleiberg. |
| 260 ## - PIE DE IMPRENTA |
| Lugar de publicación, distribución, etc |
México: |
| Nombre de la editorial, distribuidor, etc |
McGraw-Hill Interamericana; |
| Fecha de publicación |
2001. |
| 300 ## - DESCRIPCION FISICA |
| Extension |
1280 p. |
| Otros detalles físicos |
il. |
| 500 ## - NOTA GENERAL |
| Nota general |
Guyton, A. C. y Hall, J. E. (2001). Tratado de Fisiología Médica. (10a ed.). México : McGraw-Hill Interamericana. |
| 653 ## - TÉRMINO INDIZADO - PALABRAS CLAVES |
| Palabra clave |
Fisiología general y celular |
| 653 ## - TÉRMINO INDIZADO - PALABRAS CLAVES |
| Palabra clave |
Fisiología de la membrana, del nervio y del músculo |
| 653 ## - TÉRMINO INDIZADO - PALABRAS CLAVES |
| Palabra clave |
Corazón |
| 653 ## - TÉRMINO INDIZADO - PALABRAS CLAVES |
| Palabra clave |
Circulación |
| 653 ## - TÉRMINO INDIZADO - PALABRAS CLAVES |
| Palabra clave |
Riñones y líquidos corporales |
| 653 ## - TÉRMINO INDIZADO - PALABRAS CLAVES |
| Palabra clave |
Células sanguíneas, inmunidad y coagulación de la sangre |
| 653 ## - TÉRMINO INDIZADO - PALABRAS CLAVES |
| Palabra clave |
Respiración |
| 653 ## - TÉRMINO INDIZADO - PALABRAS CLAVES |
| Palabra clave |
Fisiología de la aviación, el espacio y la inmersión a gran profundidad |
| 653 ## - TÉRMINO INDIZADO - PALABRAS CLAVES |
| Palabra clave |
Sistema nervioso: generalidades y fisiología sensitiva |
| 653 ## - TÉRMINO INDIZADO - PALABRAS CLAVES |
| Palabra clave |
Sistema nervioso: sentidos especiales |
| 653 ## - TÉRMINO INDIZADO - PALABRAS CLAVES |
| Palabra clave |
Sistema nervioso: neurofisiología motora e integradora |
| 653 ## - TÉRMINO INDIZADO - PALABRAS CLAVES |
| Palabra clave |
Fisiología gastrointestinal |
| 653 ## - TÉRMINO INDIZADO - PALABRAS CLAVES |
| Palabra clave |
Metabolismo y regulación de la temperatura |
| 653 ## - TÉRMINO INDIZADO - PALABRAS CLAVES |
| Palabra clave |
Endrocrinología y reproducción |
| 653 ## - TÉRMINO INDIZADO - PALABRAS CLAVES |
| Palabra clave |
Fisiología de los deportes |
| 700 1# - ENTRADAS SECUNDARIAS - NOMBRE PERSONAL |
| Nombre personal |
Hall, John E. |
| 9 (RLIN) |
41 |
| 930 ## - NUMERO DE INVENTARIO |
| Número de inventario |
1077 |
| 930 ## - NUMERO DE INVENTARIO |
| Número de inventario |
1076 |
| 930 ## - NUMERO DE INVENTARIO |
| Número de inventario |
1075 |
| 930 ## - NUMERO DE INVENTARIO |
| Número de inventario |
1074 |
| 930 ## - NUMERO DE INVENTARIO |
| Número de inventario |
1073 |
| 930 ## - NUMERO DE INVENTARIO |
| Número de inventario |
1072 |
| 930 ## - NUMERO DE INVENTARIO |
| Número de inventario |
880 |
| 930 ## - NUMERO DE INVENTARIO |
| Número de inventario |
879 |
| 930 ## - NUMERO DE INVENTARIO |
| Número de inventario |
878 |
| 930 ## - NUMERO DE INVENTARIO |
| Número de inventario |
877 |
| 942 ## - ADDED ENTRY ELEMENTS (KOHA) |
| Source of classification or shelving scheme |
Dewey Decimal Classification |
| Item type |
Libros |
| Koha issues (borrowed), all copies |
2 |